Dynamic estimation of the consumer system in postwar Japan

Gespeichert in:
Bibliographische Detailangaben
1. Verfasser: Sasaki, Kozo
Weitere Verfasser: Fukagawa, Yoshihiro
Format: Buch
Sprache:Englisch
Veröffentlicht: Laxenberg International Institute for Applied Systems Analysis 1984
Tags: Tag hinzufügen
Keine Tags, Fügen Sie das erste Tag hinzu!

MARC

LEADER 00000nam a2200000 4500
001 c112739
005 20041019155153.8
041 0 |a eng 
044 |a AT 
245 1 0 |a Dynamic estimation of the consumer system in postwar Japan  |c Kozo Sasaki, Yoshihiro Fukagawa 
264 1 |a Laxenberg  |b International Institute for Applied Systems Analysis  |c 1984 
300 |a 29 s. 
100 1 |a Sasaki, Kozo 
700 1 |a Fukagawa, Yoshihiro